[Event "CRO-ch U15 Girls"]
[Site "Trogir"]
[Date "2020.08.26"]
[Round "4"]
[White "Kolovrat, Ana"]
[Black "Faukovic, Mia"]
[Result "1/2-1/2"]
[WhiteElo "1210"]
[BlackElo "1093"]
[PlyCount "71"]
[EventDate "2020.08.24"]
[EventType "swiss"]
[EventRounds "9"]
[EventCountry "CRO"]
[SourceTitle "CBM 198 Extra"]
[Source "ChessBase"]
[SourceDate "2020.11.30"]
[SourceVersion "1"]
[SourceVersionDate "2020.11.30"]
[SourceQuality "1"]

1. e4 e5 2. Nf3 Nc6 3. Bc4 Bc5 4. c3 Qe7 5. 0-0 Nf6 6. d4 Bb6 7. Bg5 Qd6 8. Re1 0-0 9. Nbd2 Re8 10. dxe5 Nxe5 11. Nxe5 Qxe5 12. Bxf6 Qxf6 13. Rf1 d6 14. h3 Qg5 15. Qf3 Re7 16. Rad1 Bd7 17. Nb3 Bc6 18. Bd5 Bxd5 19. Rxd5 Re5 20. Qd3 Rae8 21. Nd2 Rxd5 22. Qxd5 Qxd5 23. exd5 Re5 24. Nc4 Rxd5 25. Nxb6 axb6 26. Re1 h6 27. Re8+ Kh7 28. Re7 Rd1+ 29. Kh2 Rd2 30. Rxf7 Rxb2 31. Rxc7 Rxa2 32. Rxb7 Rb2 33. f4 Kg6 34. f5+ Kxf5 35. Rxg7 Rc2 36. Rg3 1/2-1/2